000 00439nam a22001817a 4500
003 UA-OsUOA
001 7376
007 ta
008 20040617b un ||||| |||| 00| 0 ukr d
100 _aРозумний В.
942 _cSA
040 _aUA-OsUOA
_cUA-OsUOA
_dUA-OsUOA
245 _a" Етика " без етики
300 _aС.6
955 _a0
773 0 _w0
_tУрядовий кур"єр
_dКиїв
_d2004
_gN108
650 7 _2UDC
999 _c293537
_d293537